1357 1396 1037 1288 1591 1895 1162 1171 1461 1521 1575 1189 1861 1213 1550 1797 1905 1929 1918 1900 1815 1611 1189 1978 1066 1438 1043 1677 1221 1001 1990 1680 1991 1836 1826 1417 1530 1617 1811 1370 1092 1519 1436 1041 1086 1429 1842 1970 1717 1741 1541 1181 1185 1790 1392 1874 1968 1622 1588 1060 1706 1750 1597 1380 1525 1856 1277 1136 1835 1458 1086 1713 1724 1457 1997 1987 1006 1251 1455 1918 1751 1046 1810 1490 1109 1873 1280 1250 1919 1316 1224 1619 1038 1836 1500 1474 1526 1278 1704 BCNSPRNW ULIB Ver.6.0+V

เปลี่ยนเป็นภาษาไทย

Change to English
 แสดงรายละเอียดบรรณานุกรม
  กลับหน้าหลัก

Brief Record : Get Marc (ISO 2709) : E-mail record : QR code < ปิดหน้าต่าง
LEADER : 00000nam 2200000uu 4500
001    13399122320
003     ULIB
008    130212s2555||||th 000 0 tha d
020    ^a9789740329831
060  4 ^aWF26^bข275ก
100 0  ^aขวัญฤทัย พันธุ
245 00 ^aการดูแลผู้ป่วยที่ใช้เครื่องช่วยหายใจ^cโดย ขวัญฤทัย พันธุ
260    ^aกรุงเทพฯ:^bสำนักพิมพ์แห่งจุฬาลงกรณ์มหาวิทยาลัย,^c2555
300    ^a178 หน้า:^bภาพประกอบ
650  7 ^aเครื่องช่วยหายใจ
650  7 ^aการใสท่อช่วยหายใจ
945    ^p150^l0^i19875
945    ^p150^l0^i19876
945    ^p150^l0^i19877
945    ^p150^l0^i20188
945    ^p150^l0^i20189
995    ^aทศพร
999    ^aทศพร เกษรทอง
รายการนี้ยังไม่มีแท็ก
คุณยังไม่ได้ล็อกอิน คุณสามารถมีกิจกรรมร่วมกับเว็บไซต์ได้ แต่ต้องล็อกอินก่อน ::
  ล็อกอิน

รายการสื่อสารสนเทศ

ลำดับที่ ประเภท เลขเรียก/บาร์โค้ด สถานที่ สถานะ
1. วิทยาศาสตร์การแพทย์ และสุขภาพ
วิทยาศาสตร์การแพทย์ และสุขภาพ
สถานะ=หนังสือเก่า
WF26 ข275ก ฉ.1 
  Barcode: 19875
ห้องสมุดวิทยาเขตนครสวรรค์
►ส่วนจัดเก็บหนังสือเก่า นว.
บนชั้น
  ขอยืม
2. วิทยาศาสตร์การแพทย์ และสุขภาพ
วิทยาศาสตร์การแพทย์ และสุขภาพ
สถานะ=หนังสือเก่า
WF26 ข275ก ฉ.2 
  Barcode: 19876
ห้องสมุดวิทยาเขตนครสวรรค์
►ส่วนจัดเก็บหนังสือเก่า นว.
บนชั้น
  ขอยืม
3. วิทยาศาสตร์การแพทย์ และสุขภาพ
วิทยาศาสตร์การแพทย์ และสุขภาพ
สถานะ=หนังสือเก่า
WF26 ข275ก ฉ.3 
  Barcode: 19877
ห้องสมุดวิทยาเขตนครสวรรค์
►ส่วนจัดเก็บหนังสือเก่า นว.
บนชั้น
  ขอยืม
4. วิทยาศาสตร์การแพทย์ และสุขภาพ
วิทยาศาสตร์การแพทย์ และสุขภาพ
สถานะ=หนังสือเก่า
WF26 ข275ก ฉ.4 
  Barcode: 20188
ห้องสมุดวิทยาเขตนครสวรรค์
►ส่วนจัดเก็บหนังสือเก่า นว.
บนชั้น
  ขอยืม
5. วิทยาศาสตร์การแพทย์ และสุขภาพ
วิทยาศาสตร์การแพทย์ และสุขภาพ
สถานะ=หนังสือเก่า
WF26 ข275ก ฉ.5 
  Barcode: 20189
ห้องสมุดวิทยาเขตนครสวรรค์
►ส่วนจัดเก็บหนังสือเก่า นว.
บนชั้น
  ขอยืม

รายการใกล้เคียง
    ผู้แต่ง [ขวัญฤทัย พันธุ]

    หัวเรื่อง [เครื่องช่วยหายใจ]
    หัวเรื่อง [การใสท่อช่วยหายใจ]

BibComment


ยังไม่เคยถูกคอมเมนท์

คอมเมนท์ทรัพยากรรายการนี้
  คอมเมนท์: การดูแลผู้ป่วยที..


 Copyright 2026. Bcnsprnw @Library